Statistics for Casual Video Games

Click here to take the quiz!

General Stats

  • This quiz has been taken 381 times
  • The average score is 10 of 16

Answer Stats

Answer% Correct
Angry Birds
98%
Tetris
98%
Candy Crush Saga
94%
Solitaire
85%
Flappy Bird
84%
Minesweeper
80%
3D Pinball Space Cadet
77%
Subway Surfers
70%
2048
66%
Clash of Clans
61%
PUBG Mobile
53%
Cookie Clicker
44%
Bejeweled
41%
Brawl Stars
32%
Zuma
16%
Happy Farm
3%

Score Distribution

Percentile by Number Answered

Percent of People with Each Score

Your Score History

You have not taken this quiz